ARRUPE JESUIT UNIVERSITY

CORONAVIRUS -STOP THE SPREAD - CLEAN,DISINFECT,COVER

Phenomenological interpretations of Aristotle : (Record no. 124382)

MARC details
000 -LEADER
fixed length control field 01406cam a22003374a 4500
001 - CONTROL NUMBER
control field 12370236
003 - CONTROL NUMBER IDENTIFIER
control field ARRUPE
005 - DATE AND TIME OF LATEST TRANSACTION
control field 20160315152904.0
008 - FIXED-LENGTH DATA ELEMENTS--GENERAL INFORMATION
fixed length control field 010405s2001 inu b 000 0 eng
010 ## - LIBRARY OF CONGRESS CONTROL NUMBER
LC control number 2001002090
020 ## - INTERNATIONAL STANDARD BOOK NUMBER
International Standard Book Number 0253339936 (alk. paper)
040 ## - CATALOGING SOURCE
Original cataloging agency DLC
Transcribing agency DLC
Modifying agency DLC
041 1# - LANGUAGE CODE
Language code of text/sound track or separate title eng
Language code of original and/or intermediate translations of text ger
042 ## - AUTHENTICATION CODE
Authentication code pcc
050 00 - LIBRARY OF CONGRESS CALL NUMBER
Classification number B3279.H48
Item number P4913 2001
082 00 - DEWEY DECIMAL CLASSIFICATION NUMBER
Classification number 193
Edition number 21
300 ## - PHYSICAL DESCRIPTION
Dimensions 25 cm.
100 1# - MAIN ENTRY--PERSONAL NAME
Personal name Heidegger, Martin,
Dates associated with a name 1889-1976.
9 (RLIN) 22968
240 10 - UNIFORM TITLE
Uniform title <a href="Phänomenologische Interpretationen zu Aristoteles.">Phänomenologische Interpretationen zu Aristoteles.</a>
Language of a work English
245 10 - TITLE STATEMENT
Title Phenomenological interpretations of Aristotle :
Remainder of title initiation into phenomenological research /
Statement of responsibility, etc Martin Heidegger ; translated by Richard Rojcewicz.
260 ## - PUBLICATION, DISTRIBUTION, ETC. (IMPRINT)
Place of publication, distribution, etc Bloomington, IN :
Name of publisher, distributor, etc Indiana University Press,
Date of publication, distribution, etc c2001.
300 ## - PHYSICAL DESCRIPTION
Extent xiv, 160 p. ;
440 #0 - SERIES STATEMENT/ADDED ENTRY--TITLE
Title Studies in Continental thought
9 (RLIN) 4942
500 ## - GENERAL NOTE
General note Translation of lectures presented at the University of Freiburg, winter 1921-1922.
504 ## - BIBLIOGRAPHY, ETC. NOTE
Bibliography, etc Includes bibliographical references.
650 #0 - SUBJECT ADDED ENTRY--TOPICAL TERM
Topical term or geographic name as entry element Philosophy.
9 (RLIN) 22969
650 #0 - SUBJECT ADDED ENTRY--TOPICAL TERM
Topical term or geographic name as entry element Phenomenology.
9 (RLIN) 22970
650 #0 - SUBJECT ADDED ENTRY--TOPICAL TERM
Topical term or geographic name as entry element Aristotle.
9 (RLIN) 19874
906 ## - LOCAL DATA ELEMENT F, LDF (RLIN)
a 7
b cbc
c orignew
d 1
e ecip
f 20
g y-gencatlg
942 ## - ADDED ENTRY ELEMENTS (KOHA)
Source of classification or shelving scheme Library of Congress Classification
Koha item type Monograph ( Printed materials)
Holdings
Withdrawn status Lost status Source of classification or shelving scheme Damaged status Not for loan Collection code Home library Current library Shelving location Date acquired Total Checkouts Full call number Barcode Date last seen Price effective from Koha item type
    Library of Congress Classification     Main Collection ARRUPE LIBRARY ARRUPE LIBRARY Main Collection 15/03/2016   B3279.H48 P4913 2001 46500006659 15/03/2016 15/03/2016 Monograph ( Printed materials)

 

Arrupe Library. PO Box MP320 Mt Pleasant, Harare, Zimbabwe
263 242 745411|librarian@aju.ac.zw